Dueños del tiempo : (Registro nro. 262)

Detalles MARC
000 -Cabecera
Campo de control interno 00707nam a2200217Ia 4500
005 - Fecha y hora del registro
control field 20251205091811.0
008 - Elementos de Longitud Fija
fixed length control field 251203t9999||||xx |||||||||||||| ||spa||
020 ## - ISBN
ISBN 9972580288
041 ## - Idioma
Codigo Idioma ESP
082 ## - DEWEY y NOTACIÓN INTERNA
Dewey 920
Notación Interna V66
100 ## - AUTOR
Autor denominación Villanueva Sotomayor, Julio R.,
Títulos y otras palabras asociadas con el nombre AUT
245 #0 - TÍTULO DE MATERIAL BIBLIOGRÁFICO
Título Dueños del tiempo :
Título paralelo célebres personajes del Perú
260 ## - CIUDAD, EDITORIAL, AÑO
Ciudad [Lugar de publicación no identificado],
Nombre de la Editorial Quebecor World Perú :
Año [Fecha de publicación no identificada]
300 ## - DESCRIPCIÓN
N° Páginas 367 páginas :
Otros detalles ilustraciones, fotografías ;
Dimensiones 29 cm.
440 ## - MENCIÓN DE SERIE
Título de la Serie (La República)
650 ## - TEMAS
Temas Geografía
653 ## - DESCRIPTORES
Lenguajes no controlado Biografías históricas; Hombres - Biografías
654 ## - PROGRAMAS
Programa Todos los programas
942 ## - ELEMENTOS DE KOHA
Tipo de documento Libro
Nombre del creador Justo Noguera
Código de catalogador Margarita Torres
Esquema de clasificación Dewey Decimal Classification
Existencias
Codigo completo Registro Colección Copia número Disponibilidad Tipo de préstamo Biblioteca Actual Procedencia (Biblioteca) Ubicacón Fecha Ingreso Tipo de Adquisición Date last seen Total checkouts Price effective from Tipo de Item Estado del Material Fuente de Clasificación Damaged status Withdrawn status
920 V66 1085141 Colección Vera Bejar 1   Restringido Víctor Andrés Belaunde Víctor Andrés Belaunde Planta baja cerrada 03/12/2025 Donación 03/12/2025   03/12/2025 Libro Bueno Dewey Decimal Classification   Withdrawn